00280nam a2200121Ia 4500008004100000100001500041245001600056260002100072300000900093650003200102942000700134999001700141190216s9999||||xx |||||||||||||| ||und|| aNancy Cato 0aBrown Sugar bPan Books London a256p aEnglish Novel-English Novel cBK c12822d12822